Online
Catalog

Tiempo de Bolivar, 1783-1830 / (Record no. 6772)

MARC details
000 -CABECERA
campo de control de longitud fija 01043cam a2200277 a 4500
001 - NÚMERO DE CONTROL
campo de control 000006988
005 - FECHA Y HORA DE LA ÚLTIMA TRANSACCIÓN
campo de control 20260305073955.0
008 - DATOS DE LONGITUD FIJA--INFORMACIÓN GENERAL
campo de control de longitud fija 900824s1989 ck b 001 0bspa
020 ## - NÚMERO INTERNACIONAL ESTÁNDAR DEL LIBRO
Número Internacional Estándar del Libro 9589208002 (obra completa)
020 ## - NÚMERO INTERNACIONAL ESTÁNDAR DEL LIBRO
Número Internacional Estándar del Libro 9589208029 (t. 1)
020 ## - NÚMERO INTERNACIONAL ESTÁNDAR DEL LIBRO
Número Internacional Estándar del Libro 9589208010 (t. 2)
082 ## - NÚMERO DE LA CLASIFICACIÓN DECIMAL DEWEY
Número de clasificación 923.587
Número de documento/Ítem L695t
040 ## - FUENTE DE LA CATALOGACIÓN
Centro catalogador/agencia de origen DO-SdBNP
100 1# - ENTRADA PRINCIPAL--NOMBRE DE PERSONA
Nombre de persona Libermann Z., Jacobo.
9 (RLIN) 19435
245 10 - MENCIÓN DE TÍTULO
Título Tiempo de Bolivar, 1783-1830 /
Mención de responsabilidad, etc. Jacobo Libermann Z. ; prólogo, J.L. Salcedo Bastardo.
260 ## - PUBLICACIÓN, DISTRIBUCIÓN, ETC.
Lugar de publicación, distribución, etc. Caracas :
Nombre del editor, distribuidor, etc. Ediciones Presidencia de la República,
Fecha de publicación, distribución, etc. 1989.
300 ## - DESCRIPCIÓN FÍSICA
Extensión 2 v. ;
Dimensiones 25 cm.
490 1# - MENCIÓN DE SERIE
Mención de serie Pensadores latinoamericanos
500 ## - NOTA GENERAL
Nota general "Colección Pensadores latinoamericanos, Bolivia"
504 ## - NOTA DE BIBLIOGRAFÍA, ETC.
Nota de bibliografía, etc. Bibliografía :p. 1137-1153
600 10 - PUNTO DE ACCESO ADICIONAL DE MATERIA--NOMBRE DE PERSONA
Nombre de persona Bolívar, Simón,
Fechas asociadas al nombre 1783-1830
9 (RLIN) 253
600 14 - PUNTO DE ACCESO ADICIONAL DE MATERIA--NOMBRE DE PERSONA
Nombre de persona BOLIVAR, SIMÓN,
Fechas asociadas al nombre 1783-1830
Subdivisión general CORRESPONDENCIA.
9 (RLIN) 19436
651 #4 - PUNTO DE ACCESO ADICIONAL DE MATERIA--NOMBRE GEOGRÁFICO
Nombre geográfico América Del Sur
Subdivisión general Historia
Subdivisión cronológica GUERRA DE INDEPENDENCIA, 1806-1830.
9 (RLIN) 18080
700 1# - PUNTO DE ACCESO ADICIONAL--NOMBRE DE PERSONA
Nombre de persona Salcedo Bastardo, J.L.,
Término indicativo de función/relación pról.
9 (RLIN) 18082
830 #0 - PUNTO DE ACCESO ADICIONAL DE SERIE-TÍTULO UNIFORME
Título uniforme Pensadores latinoamericanos
9 (RLIN) 19437
Holdings
Estado de retiro Estado de pérdida Restricciones de uso No para préstamo Código de colección Localización permanente Ubicación/localización actual Ubicación en estantería Fecha de adquisición Número de inventario Total de préstamos Signatura topográfica completa Código de barras Fecha visto por última vez Precio válido a partir de Tipo de ítem Koha
      Excluido de préstamo Monografías: Libros y Folletos General General Depósito 03.09.2009 LF1   v. 1 6988-10 25.06.2020 25.06.2020 No se presta
      Excluido de préstamo Monografías: Libros y Folletos General General Depósito 19.10.2009 LF1   v. 2 6988-20 25.06.2020 25.06.2020 No se presta

Powered by Koha